Porovnanie atraktívnosti investičného prostredia štátov V4

Gespeichert in:
Bibliographische Detailangaben
1. Verfasser: Dudáš, Tomáš, 1976-
Format: Buchkapitel
Sprache:Slowakisch
Tags: Tag hinzufügen
Keine Tags, Fügen Sie das erste Tag hinzu!

MARC

LEADER 00000naa$a2200000$$$4500
001 0062449
005 20240502071714.5
041 0 |a slo 
044 |a SK 
245 1 0 |a Porovnanie atraktívnosti investičného prostredia štátov V4  |c Tomáš Dudáš 
100 1 |a Dudáš, Tomáš, 1976-